Indian journal of gastroenterology : (Record no. 88320)

MARC details
000 -LEADER
fixed length control field 00898nas a22002297a 4500
005 - DATE AND TIME OF LATEST TRANSACTION
control field 20140905102143.0
006 - FIXED-LENGTH DATA ELEMENTS--ADDITIONAL MATERIAL CHARACTERISTICS--GENERAL INFORMATION
fixed length control field a|||||r|||| 00| 0
007 - PHYSICAL DESCRIPTION FIXED FIELD--GENERAL INFORMATION
fixed length control field ta
008 - FIXED-LENGTH DATA ELEMENTS--GENERAL INFORMATION
fixed length control field 140905b xxu||||| |||| 00| 0 eng d
022 ## - INTERNATIONAL STANDARD SERIAL NUMBER
International Standard Serial Number 0254-8860
082 ## - DEWEY DECIMAL CLASSIFICATION NUMBER
Classification number 616.3
245 ## - TITLE STATEMENT
Title Indian journal of gastroenterology :
Remainder of title official publication of the Indian Society of Gastroenterology
260 ## - PUBLICATION, DISTRIBUTION, ETC. (IMPRINT)
Place of publication, distribution, etc New Delhi:
Name of publisher, distributor, etc Springer India
Date of publication, distribution, etc 2014-
260 ## - PUBLICATION, DISTRIBUTION, ETC. (IMPRINT)
Place of publication, distribution, etc Allahabad
Name of publisher, distributor, etc Indian Society of Gastroenterology
300 ## - PHYSICAL DESCRIPTION
Extent v.
Dimensions 26 cm (Pbk)
310 ## - CURRENT PUBLICATION FREQUENCY
Current publication frequency Bi-monthly
362 ## - DATES OF PUBLICATION AND/OR SEQUENTIAL DESIGNATION
Dates of publication and/or sequential designation Vol 33 No 2 March April 2014
650 ## - SUBJECT ADDED ENTRY--TOPICAL TERM
Topical term or geographic name as entry element Gastrointestinal system
General subdivision Diseases
-- Case studies.
856 ## - ELECTRONIC LOCATION AND ACCESS
Uniform Resource Identifier <a href="www.sringer.com/12664">www.sringer.com/12664</a>
270 ## - ADDRESS
Address Secretariat: Department Of Gastroenterology Moti Lal Nehru Medical College
City Allahabad
Postal code 211001
Telephone number +91-532-2256087, 2256090
Fax number +91-532-256878
Electronic mail address drspmisra@gmail.com
942 ## - ADDED ENTRY ELEMENTS (KOHA)
Source of classification or shelving scheme Dewey Decimal Classification
Item type Periodicals
Classification part 616.3
Serial record 1
Holdings
Withdrawn status Lost status Source of classification or shelving scheme Damaged status Not for loan Collection code Home library Current library Date acquired Total Checkouts Full call number Date last seen Price effective from Koha item type
    Dewey Decimal Classification   Not For Loan Non-fiction D.B.Act.Division D.B.Act.Division 05/09/2014   616.3 05/09/2014 05/09/2014 Periodicals

© Delhi Public Library
Hit Counter
free hit counter